000 00697nam a2200253Ia 4500
003 OSt
005 20221007101410.0
006 a|||||r|||| 00| 0
007 ta
008 221006b |||||||| |||| 00| 0 eng d
024 _a6,382
037 _cTextual
040 _aLCO
_cLCO
_beng
041 _2eng
_aeng
082 _aX6291:576, L3
100 _aOmprakash Ed.
_9702933
245 0 _aInternational Monetary Development (1931-71)
250 _a1st
260 _aBombay
_bVora & Co.Publishers Pvt. Limited India
_c1973
300 _a302+xxii
650 _aMONETARY DEVELOPMENT
_9702934
942 _hX6291:576, L3
_cTEXL
999 _c1175945
_d1175945